000 00285nam a22001337a 4500
020 _a81-7245-025-7
082 _a824
_bAHU/O
100 _aAHUJA,B N
245 _aESSAYS
260 _aNEW DELHI
_bGOODWILL PUBLISHING HOUSE
300 _a556
650 _aESSAYS
_zNEW DELHI
942 _cBK
999 _c3665
_d3665